| 000 | 00735nam a22002177a 4500 | ||
|---|---|---|---|
| 005 | 20210325181239.0 | ||
| 008 | s2544 th tha d | ||
| 020 | _a9749010701 | ||
| 041 | _atha | ||
| 050 | _aHM101 พ979 2544 | ||
| 100 | 0 | _aไพบูลย์ ศรีเทพ | |
| 245 | 1 | 0 | _aเกาให้ถูกที่คัน |
| 260 | 3 |
_aกรุงเทพฯ : _bสามิตการพิมพ์, _c2544 |
|
| 300 |
_a249 หน้า ; _b 21 ซม. |
||
| 650 | 0 | 4 | _aการปฏิรูปสังคม |
| 650 | 0 | 4 | _aการเปลี่ยนแปลงทางสังคม |
| 850 | _aNALT | ||
| 942 | _cGB | ||
| 997 | _c000000000011375 | ||
| 998 | _aSAIPHON DEENGAM | ||
| 999 |
_c11375 _d11375 |
||